| 000 | 00445cam a22001457a 4500 | ||
|---|---|---|---|
| 008 | 180718b1953 xxu||||| |||| 00| 0 eng d | ||
| 082 | _aT1 B16 | ||
| 100 | _aBain, Joe S. | ||
| 245 |
_aPrioning, distribution and employment: economics of an enterprise system _cby Joe S. Bain |
||
| 250 | _arev. ed. | ||
| 260 |
_aCalcutta _bWorld Press _c1953 |
||
| 300 | _a733p. | ||
| 500 | _aRs.18.50; Original work pub. N.Y., Holt, 1948 | ||
| 650 | _aEconomics | ||
| 999 |
_c358728 _d358728 |
||